00717nam a22002057a 4500003000200000005001700002008004100019020002200060050002300082100002300105245007800128250001900206260004200225300006800267504006300335650002900398650003800427650003200465650001400497020240920111613.0240920b xxu||||| |||| 00| 0 eng d a978-0-357-61901-8 aR 727.2b.T36 2024 aTamparo, Carol D.  aTherapeutic communication for health care professionalscCarol D. Tamparo aFifth edition  aBoston, Massachusetts bCengagec2024 axix, 236 pages :bcolored illustrations and pictures ; c28cm.  aIncludes bibliographical references, glossary, and index.  aAllied health personnel. aProfessional--patient relations.  aTherapeutic communication.  aTherapy.